Gratianus Magister Decretorum : (Record n. 36075)
[ formato base ]
| 000 -LEADER | |
|---|---|
| fixed length control field | 01145nam a2200277 i 4500 |
| 003 - CONTROL NUMBER IDENTIFIER | |
| control field | IT-RoINE |
| 005 - DATE AND TIME OF LATEST TRANSACTION | |
| control field | 20260218152742.0 |
| 008 - FIXED-LENGTH DATA ELEMENTS--GENERAL INFORMATION | |
| fixed length control field | 030205s2020 vc a |r 101|||ita|d |
| 020 ## - INTERNATIONAL STANDARD BOOK NUMBER | |
| International Standard Book Number | 9788821010569 |
| 040 ## - CATALOGING SOURCE | |
| Original cataloging agency | IT-RoINE |
| 245 00 - TITLE STATEMENT | |
| Title | Gratianus Magister Decretorum : |
| Remainder of title | il Decretum tra storia, attualità e prospettive di universalità / |
| Statement of responsibility, etc | a cura di Manlio Sodi, Francesco Reali. |
| 260 ## - PUBLICATION, DISTRIBUTION, ETC. (IMPRINT) | |
| Place of publication, distribution, etc | Civitate vaticana : |
| Name of publisher, distributor, etc | Biblioteca apostolica vaticana, |
| Date of publication, distribution, etc | 2020. |
| 300 ## - PHYSICAL DESCRIPTION | |
| Extent | 335 p. : |
| Other physical details | il. ; |
| Dimensions | 24 cm. |
| 336 ## - CONTENT TYPE | |
| Source | rdacontent |
| Content type term | text |
| 337 ## - MEDIA TYPE | |
| Source | rdamedia |
| Media type term | unmediated |
| 338 ## - CARRIER TYPE | |
| Source | rdacarrier |
| Carrier type term | volume |
| 490 1# - SERIES STATEMENT | |
| Series statement | Studia gratiana ; |
| Volume number/sequential designation | 30 |
| 500 ## - GENERAL NOTE | |
| General note | A p. 3: "Questo volume racchiude i contributi predisposti in occasione del Symposium svoltosi a Chiusi il 13-14 aprile 2018". |
| 500 ## - GENERAL NOTE | |
| General note | Incluye índices. |
| 504 ## - BIBLIOGRAPHY, ETC. NOTE | |
| Bibliography, etc | Incluye referencias bibliográficas en notas. |
| 600 04 - SUBJECT ADDED ENTRY--PERSONAL NAME | |
| 9 (RLIN) | 60795 |
| Personal name | Graciano, |
| Dates associated with a name | Siglo 12o. |
| Title of a work | Decretum |
| General subdivision | Crítica e interpretación |
| 700 1# - ADDED ENTRY--PERSONAL NAME | |
| Personal name | Sodi, Manlio, |
| Titles and other words associated with a name | S.D.B., |
| Dates associated with a name | 1944- |
| 9 (RLIN) | 3774 |
| 700 1# - ADDED ENTRY--PERSONAL NAME | |
| Personal name | Reali, Francesco |
| 9 (RLIN) | 70534 |
| 830 #0 - SERIES ADDED ENTRY--UNIFORM TITLE | |
| 9 (RLIN) | 39960 |
| Uniform title | Studia gratiana (Institutum Gratianum) ; |
| Volume number/sequential designation | 30 |
| 942 ## - ADDED ENTRY ELEMENTS (KOHA) | |
| Item type | Monografías |
| Withdrawn status | Lost status | Damaged status | Not for loan | Home library | Current library | Date acquired | Total Checkouts | Full call number | Barcode | Date last seen | Price effective from | Koha item type |
|---|---|---|---|---|---|---|---|---|---|---|---|---|
| Iglesia Nacional Española en Roma | Iglesia Nacional Española en Roma | 14/05/2021 | COL.B 25.30 | 63800 | 14/05/2021 | 14/05/2021 | Monografías |